000 00390nam a2200145Ia 4500
008 231129s2004||||xx |||||||||||||| ||spa||
020 _a84-205-4194-X
040 _bspa
082 _a(i) 843 C813b
100 _aCornec Utudji Michéle
245 0 _aLas brujas no existen
260 _c2004
264 _aMadrid España: Pearson
942 _2ddc
_cBKS
999 _c18620
_d18620